[Event "40th Olympiad Women"]
[Site "Istanbul TUR"]
[Date "2012.08.29"]
[Round "2.16"]
[Board "3"]
[White "Ushenina, Anna"]
[Black "Hejazipour, Mitra"]
[Result "1-0"]
[WhiteTitle "IM"]
[BlackTitle "WIM"]
[WhiteElo "2433"]
[BlackElo "2237"]
[WhiteTeam "Ukraine"]
[BlackTeam "Iran"]
[WhiteFideId "14110911"]
[BlackFideId "12505951"]
[EventDate "2012.08.28"]

1. Nf3 Nf6 2. c4 e6 3. Nc3 c5 4. e3 b6 5. d4 cxd4 6. exd4 Bb4 7. Qb3 Be7 8. d5
Ba6 9. Be2 O-O 10. O-O exd5 11. cxd5 Bxe2 12. Nxe2 Na6 13. d6 Bxd6 14. Qd3 Bxh2+
15. Nxh2 Nc5 16. Qf3 d5 17. Bg5 Nce4 18. Bxf6 Nxf6 19. Rad1 Qd7 20. Nc3 Rad8 21.
Rd4 Rfe8 22. Rfd1 Re5 23. Ng4 Nxg4 24. Qxg4 Qe7 25. Rxd5 Re1+ 26. Rxe1 Qxe1+ 27.
Kh2 1-0

[Event "40th Olympiad Women"]
[Site "Istanbul TUR"]
[Date "2012.08.29"]
[Round "2.17"]
[Board "1"]
[White "Mamedjarova, Zeinab"]
[Black "Foisor, Cristina-Adela"]
[Result "1/2-1/2"]
[WhiteTitle "WGM"]
[BlackTitle "IM"]
[WhiteElo "2285"]
[BlackElo "2402"]
[WhiteTeam "Azerbaijan"]
[BlackTeam "Romania"]
[WhiteFideId "13401521"]
[BlackFideId "1200496"]
[EventDate "2012.08.28"]

1. d4 g6 2. c4 Bg7 3. Nf3 d6 4. g3 Nf6 5. Bg2 O-O 6. O-O c6 7. Nc3 Bf5 8. Ne1
Qc8 9. e4 Bh3 10. f3 Bxg2 11. Kxg2 Nbd7 12. Bg5 Qc7 13. Qd2 Rfc8 14. Nc2 e5 15.
Rad1 Nf8 16. dxe5 dxe5 17. Qd6 Ne6 18. Qxc7 Rxc7 19. Be3 h5 20. a4 Kf8 21. a5
Ke8 22. Rd2 Rd7 23. Rfd1 Rxd2+ 24. Rxd2 a6 25. Na4 Rd8 26. Rxd8+ Kxd8 27. Nc5
Nxc5 28. Bxc5 Nd7 29. Bd6 Bh6 30. f4 exf4 31. gxf4 Bg7 32. e5 Nf8 33. Nd4 Ne6
34. Nxe6+ fxe6 35. h4 1/2-1/2

[Event "40th Olympiad Women"]
[Site "Istanbul TUR"]
[Date "2012.08.29"]
[Round "2.17"]
[Board "2"]
[White "Bulmaga, Irina"]
[Black "Mammadova, Gulnar"]
[Result "1/2-1/2"]
[WhiteTitle "WIM"]
[BlackTitle "WGM"]
[WhiteElo "2380"]
[BlackElo "2324"]
[WhiteTeam "Romania"]
[BlackTeam "Azerbaijan"]
[WhiteFideId "13903063"]
[BlackFideId "13403508"]
[EventDate "2012.08.28"]

1. e4 e6 2. d4 d5 3. Nc3 Bb4 4. e5 c5 5. a3 Ba5 6. b4 cxd4 7. bxa5 dxc3 8. Qg4
Ne7 9. Qxg7 Rg8 10. Qxh7 Nbc6 11. Nf3 Qxa5 12. Ng5 Nxe5 13. f4 f6 14. fxe5 fxg5
15. Be3 Qa4 16. Qh5+ Kd7 17. Bd3 Qh4+ 18. Qxh4 gxh4 19. O-O h3 20. g3 Nc6 21.
Bb5 Kc7 22. Bxc6 Kxc6 23. Rab1 Rg4 24. Rf4 Rxf4 25. gxf4 Bd7 26. Rb3 Rg8+ 27.
Kf1 Rg2 28. Rxc3+ Kb5 29. Bg1 Ka6 30. Rxh3 Rxc2 31. Rg3 Bb5+ 32. Ke1 Re2+ 33.
Kd1 Re4 34. Rg6 Rxf4 35. Rxe6+ b6 36. Kd2 Rg4 37. Bf2 Rg2 38. Rf6 Rxh2 39. Kc3
Rh3+ 40. Kb2 Rh5 41. e6 Re5 42. Kc3 Re4 43. Bd4 Be2 44. Rf5 Rxe6 45. Rxd5 Rc6+
46. Kb2 Bb5 47. Rg5 Ba4 48. Rg2 Rc4 49. Bc3 Rc5 50. Rg4 Bc6 51. Rg7 Rh5 52. Bb4
Rd5 53. Rg6 Kb5 54. Re6 Rg5 55. Re2 a5 56. Be7 Rf5 57. Rd2 Rf3 58. Bd6 Be4 59.
Be5 a4 60. Bd6 Rb3+ 61. Ka2 Kc6 62. Bb4 Bd5 63. Ka1 Be4 64. Rd4 1/2-1/2

[Event "40th Olympiad Women"]
[Site "Istanbul TUR"]
[Date "2012.08.29"]
[Round "2.17"]
[Board "3"]
[White "Mamedjarova, Turkan"]
[Black "Cosma, Elena-Luminita"]
[Result "1/2-1/2"]
[WhiteTitle "WGM"]
[BlackTitle "WGM"]
[WhiteElo "2245"]
[BlackElo "2352"]
[WhiteTeam "Azerbaijan"]
[BlackTeam "Romania"]
[WhiteFideId "13402005"]
[BlackFideId "1201590"]
[EventDate "2012.08.28"]

1. d4 d5 2. c4 e6 3. Nc3 Nf6 4. Nf3 c5 5. e3 a6 6. dxc5 Bxc5 7. Be2 dxc4 8.
Qxd8+ Kxd8 9. Bxc4 b5 10. Be2 Bb7 11. O-O Nbd7 12. a3 Rc8 13. Bd2 Ke7 14. b4 Bd6
15. Nd4 Nb6 16. Nb3 Rhd8 17. f4 Ne4 18. Nxe4 Bxe4 19. Rac1 Nc4 20. Bxc4 bxc4 21.
Nd4 f6 22. Bc3 Bb8 23. b5 axb5 24. Nxb5 Rd3 25. Rfe1 Kf7 26. a4 Bc6 27. Kf2 Bxb5
28. axb5 Ba7 29. Re2 Bb6 30. Kf3 Rc5 31. Bd4 Rxb5 32. Bxb6 Rxb6 33. Rxc4 Rd7 34.
Rc1 Rb3 35. Ke4 1/2-1/2

[Event "40th Olympiad Women"]
[Site "Istanbul TUR"]
[Date "2012.08.29"]
[Round "2.17"]
[Board "4"]
[White "Sandu, Mihaela"]
[Black "Umudova, Nargiz"]
[Result "1-0"]
[WhiteTitle "WGM"]
[BlackTitle "WIM"]
[WhiteElo "2246"]
[BlackElo "2208"]
[WhiteTeam "Romania"]
[BlackTeam "Azerbaijan"]
[WhiteFideId "1204327"]
[BlackFideId "13402137"]
[EventDate "2012.08.28"]

1. e4 c5 2. Nf3 Nc6 3. d4 cxd4 4. Nxd4 Nf6 5. Nc3 e5 6. Ndb5 d6 7. Bg5 a6 8. Na3
b5 9. Nd5 Be7 10. Bxf6 Bxf6 11. c3 Bg5 12. Nc2 O-O 13. Be2 Rb8 14. Qd3 a5 15.
O-O Ne7 16. Nce3 Bxe3 17. Nxe3 Bb7 18. Rfd1 Qb6 19. Qxb5 Qxb5 20. Bxb5 Bxe4 21.
a4 Rfd8 22. Nc4 Nc8 23. Nxa5 Na7 24. Nc4 Nxb5 25. axb5 Rxb5 26. Nxd6 Rd5 27.
Rxd5 Bxd5 28. Nf5 Be4 29. Ne3 Rc8 30. f3 Bd3 31. Rd1 e4 32. fxe4 Bxe4 33. Nd5
Kf8 34. Nb6 Rc6 35. Nd7+ Ke7 36. Re1 f5 37. Ne5 Rd6 38. Nf3 Kf6 39. Kf2 Rd3 40.
Ke2 Rd8 41. Rd1 Re8 42. Kf2 Rc8 43. Rd6+ Ke7 44. Rd4 Kf6 45. Rd6+ Ke7 46. Rb6 h6
47. Nd4 Kf7 48. Nb5 Rc6 49. Rxc6 Bxc6 50. Nd4 Be4 51. g3 Kf6 52. Ke3 Ke5 53. c4
g5 54. Nf3+ Kd6 55. b4 Bb7 56. Ne1 h5 57. Nf3 g4 58. Nh4 1-0

[Event "40th Olympiad Women"]
[Site "Istanbul TUR"]
[Date "2012.08.29"]
[Round "2.18"]
[Board "1"]
[White "Hoang, Thanh Trang"]
[Black "Pham, Le Thao Nguyen"]
[Result "1-0"]
[WhiteTitle "GM"]
[BlackTitle "WGM"]
[WhiteElo "2464"]
[BlackElo "2393"]
[WhiteTeam "Hungary"]
[BlackTeam "Vietnam"]
[WhiteFideId "12400149"]
[BlackFideId "12401226"]
[EventDate "2012.08.28"]

1. d4 Nf6 2. Nf3 d5 3. c4 c6 4. Qc2 dxc4 5. Qxc4 Bf5 6. g3 e6 7. Bg2 Be7 8. O-O
O-O 9. Nc3 Nbd7 10. Re1 Ne4 11. Bf4 Qb6 12. Nh4 Bxh4 13. Nxe4 Be7 14. Nd6 Bg6
15. Qb3 Bxd6 16. Bxd6 Rfe8 17. Qc3 Rad8 18. e4 Nf6 19. Bc5 Qc7 20. Rac1 h6 21.
a4 Qb8 22. a5 a6 23. Qb4 Rd7 24. f3 Nh7 25. Rc3 Kh8 26. Rce3 Qd8 27. Bb6 Qb8 28.
Qc5 f6 29. f4 Nf8 30. Qc3 Bf7 31. Bh3 Nh7 32. Qb4 Rde7 33. Bf1 e5 34. dxe5 fxe5
35. f5 Rd7 36. Rd3 Rxd3 37. Bxd3 Nf6 38. Rd1 Qc8 39. Bc2 Rg8 40. Rd2 Nd7 41. Qe7
Nxb6 42. axb6 Bc4 43. Rd7 c5 44. Rc7 Qd8 45. Qxc5 Bb5 46. Qc3 Bc6 47. Qxe5 Qd2
48. Qc3 Qg5 49. h4 Qg4 50. f6 Rd8 51. Rxg7 Rd1+ 52. Bxd1 Qxd1+ 53. Kf2 Qh1 54.
Qe3 1-0

[Event "40th Olympiad Women"]
[Site "Istanbul TUR"]
[Date "2012.08.29"]
[Round "2.18"]
[Board "2"]
[White "Nguyen, Thi Mai Hung"]
[Black "Gara, Ticia"]
[Result "0-1"]
[WhiteTitle "WIM"]
[BlackTitle "WGM"]
[WhiteElo "2212"]
[BlackElo "2385"]
[WhiteTeam "Vietnam"]
[BlackTeam "Hungary"]
[WhiteFideId "12401676"]
[BlackFideId "717444"]
[EventDate "2012.08.28"]

1. d4 Nf6 2. Bf4 g6 3. e3 Bg7 4. Nf3 d6 5. Be2 O-O 6. O-O c5 7. c3 b6 8. a4 a6
9. Nbd2 Bb7 10. h3 Nbd7 11. Bh2 Qc7 12. Qb1 Rac8 13. Rd1 Bh6 14. Bf1 Qb8 15. Qa2
Qa8 16. Ne1 cxd4 17. exd4 Ne4 18. Nxe4 Bxe4 19. Nd3 Nf6 20. Re1 Rc7 21. Qb3 Qb7
22. Nb4 a5 23. Nc2 Nh5 24. Ne3 Bf4 25. Nc4 Rb8 26. g3 Bh6 27. Qxb6 Qxb6 28. Nxb6
Rxb6 29. Rxe4 Rxb2 30. c4 Bg7 31. g4 Nf6 32. Ree1 h5 33. gxh5 Nxh5 34. Rad1 Bh6
35. Rb1 Ra2 36. c5 Bf4 37. Bxf4 Nxf4 38. cxd6 exd6 39. Re4 Ne6 40. d5 Nc5 41.
Re8+ Kg7 42. Rb6 Nxa4 43. Rxd6 Rc1 44. Rc6 Rd1 45. d6 Rad2 46. Rd8 Rd5 47. h4
Nc5 48. Ra8 Ne4 49. Kg2 R5d2 50. Kf3 Re1 51. d7 Rxf2+ 52. Kg4 f5+ 53. Kh3 Re3# 0-1

[Event "40th Olympiad Women"]
[Site "Istanbul TUR"]
[Date "2012.08.29"]
[Round "2.18"]
[Board "3"]
[White "Rudolf, Anna"]
[Black "Le, Kieu Thien Kim"]
[Result "1-0"]
[WhiteTitle "WGM"]
[BlackTitle "WIM"]
[WhiteElo "2289"]
[BlackElo "2226"]
[WhiteTeam "Hungary"]
[BlackTeam "Vietnam"]
[WhiteFideId "722855"]
[BlackFideId "12400572"]
[EventDate "2012.08.28"]

1. e4 Nf6 2. e5 Nd5 3. d4 d6 4. Nf3 Bg4 5. Be2 e6 6. O-O Be7 7. c4 Nb6 8. exd6
cxd6 9. Nbd2 O-O 10. b3 Nc6 11. Bb2 d5 12. c5 Nc8 13. a3 Bf6 14. b4 a6 15. h3
Bh5 16. Re1 Bg6 17. Nf1 N8e7 18. Ne3 Be4 19. Qd2 Nf5 20. Nxf5 Bxf5 21. a4 h6 22.
b5 Ne7 23. Ne5 Qc7 24. Rec1 axb5 25. axb5 Rxa1 26. Bxa1 Ra8 27. Bc3 Ng6 28. Nxg6
Bxg6 29. Qb2 Bh4 30. Bd2 Bf6 31. b6 Qd7 32. Bb5 Qd8 33. Bf4 Bg5 34. Bxg5 hxg5
35. Ra1 Rb8 36. Ra7 Bf5 37. Qe2 Qf6 38. Qe3 Be4 39. Qg3 Qf4 40. Qxf4 gxf4 41.
Ba4 f6 42. c6 1-0

[Event "40th Olympiad Women"]
[Site "Istanbul TUR"]
[Date "2012.08.29"]
[Round "2.18"]
[Board "4"]
[White "Hoang, Thi Nhu Y"]
[Black "Gara, Anita"]
[Result "1/2-1/2"]
[WhiteTitle "WIM"]
[BlackTitle "IM"]
[WhiteElo "2228"]
[BlackElo "2306"]
[WhiteTeam "Vietnam"]
[BlackTeam "Hungary"]
[WhiteFideId "12401455"]
[BlackFideId "709751"]
[EventDate "2012.08.28"]

1. d4 Nf6 2. Nf3 g6 3. g3 Bg7 4. Bg2 d6 5. O-O O-O 6. c4 Nc6 7. Nc3 Bf5 8. b3
Ne4 9. Bb2 Nxc3 10. Bxc3 Be4 11. Rc1 d5 12. e3 Re8 13. cxd5 Qxd5 14. Ne1 Bxg2
15. Nxg2 Rad8 16. Nf4 Qf5 17. Qd3 Qxd3 18. Nxd3 e5 19. Nxe5 Nxe5 20. dxe5 Bxe5
21. Bxe5 Rxe5 22. Rxc7 Ra5 23. a4 b6 24. Rfc1 Rd2 25. R1c2 Rd1+ 26. Kg2 Rb1 27.
R2c3 b5 28. R3c5 Rxb3 29. Rd7 Ra6 30. axb5 Rb6 31. Rxa7 R3xb5 32. Rc8+ Kg7 33.
Rcc7 Rf6 34. f4 Rb2+ 35. Kf3 g5 36. h3 gxf4 37. exf4 Rb3+ 38. Kf2 Rb2+ 39. Kf3
Rb3+ 40. Kf2 Rb2+ 1/2-1/2

[Event "40th Olympiad Women"]
[Site "Istanbul TUR"]
[Date "2012.08.29"]
[Round "2.19"]
[Board "1"]
[White "Sedina, Elena"]
[Black "Peng, Zhaoqin"]
[Result "1/2-1/2"]
[WhiteTitle "IM"]
[BlackTitle "GM"]
[WhiteElo "2338"]
[BlackElo "2411"]
[WhiteTeam "Italy"]
[BlackTeam "Netherlands"]
[WhiteFideId "812153"]
[BlackFideId "1004786"]
[EventDate "2012.08.28"]

1. e4 c5 2. Nf3 e6 3. c3 d5 4. exd5 exd5 5. d4 Nf6 6. Bg5 Nc6 7. Bb5 Be7 8. dxc5
O-O 9. O-O Bg4 10. h3 Bh5 11. b4 Ne4 12. Bxe7 Nxe7 13. Be2 b6 14. Nfd2 Bg6 15.
Nxe4 Bxe4 16. cxb6 axb6 17. Nd2 Bg6 18. Bf3 Rc8 19. Qb3 d4 20. c4 d3 21. Rfe1
Nf5 22. Be4 Qd6 23. Qxd3 Qxb4 24. Bxf5 Bxf5 25. Qxf5 Qxd2 26. Qe4 g6 27. Qd5 Qc2
28. Rec1 Qe2 29. Qb5 Qe6 30. Rab1 Rc6 31. Re1 Qxc4 32. Qxc4 Rxc4 33. Rxb6 Rc2
34. a4 Ra2 35. Rb4 Ra8 36. Ree4 Ra7 37. g4 Kg7 38. Kg2 h6 39. h4 g5 40. hxg5
hxg5 41. Rb5 Kg6 42. Rb6+ Kg7 43. Rb5 Kg6 44. Rb6+ Kg7 45. Re5 f6 46. Rf5 R2xa4
47. Rfxf6 Rxg4+ 48. Kh3 Rg1 49. Kh2 Rg4 50. Kh3 Rg1 51. Kh2 Rg4 52. f3 Rh4+ 53.
Kg3 Rh1 54. Rg6+ Kh7 55. Rxg5 Rg1+ 56. Kh4 Rh1+ 57. Kg3 Rg1+ 58. Kh4 Rh1+ 59.
Kg3 Rg1+ 60. Kh4 1/2-1/2

[Event "40th Olympiad Women"]
[Site "Istanbul TUR"]
[Date "2012.08.29"]
[Round "2.19"]
[Board "2"]
[White "Lanchava, Tea"]
[Black "Zimina, Olga"]
[Result "0-1"]
[WhiteTitle "IM"]
[BlackTitle "IM"]
[WhiteElo "2351"]
[BlackElo "2327"]
[WhiteTeam "Netherlands"]
[BlackTeam "Italy"]
[WhiteFideId "1005308"]
[BlackFideId "4132190"]
[EventDate "2012.08.28"]

1. b3 Nf6 2. Bb2 e6 3. e3 Be7 4. f4 c5 5. Nf3 b6 6. Be2 Bb7 7. O-O O-O 8. d3 d6
9. Qe1 Nd5 10. Bd1 Bf6 11. c3 b5 12. d4 a5 13. Qd2 cxd4 14. cxd4 Be7 15. Bc2 Nd7
16. Bd3 Qb6 17. Na3 Bc6 18. Rac1 Nb4 19. Bb1 Nf6 20. Qe2 Ne4 21. d5 Bxd5 22.
Nxb5 Rfc8 23. Nfd4 Bf6 24. Rcd1 Rc5 25. a3 Na6 26. Bd3 Rcc8 27. f5 Nac5 28. fxe6
fxe6 29. Bb1 Rab8 30. a4 Rf8 31. Qg4 Rbe8 32. Rf3 Qb8 33. Rh3 Re7 34. Qe2 g6 35.
Rf1 Be5 36. Nf3 Bxb2 37. Qxb2 Ref7 38. Re1 Qd8 39. b4 axb4 40. Qxb4 Ng5 41. Nxg5
Qxg5 42. e4 Rf2 43. Rg3 Qf4 44. Rf3 Rxg2+ 45. Kxg2 Qxf3+ 46. Kg1 Qg4+ 0-1

[Event "40th Olympiad Women"]
[Site "Istanbul TUR"]
[Date "2012.08.29"]
[Round "2.19"]
[Board "3"]
[White "Brunello, Marina"]
[Black "Schut, Lisa"]
[Result "0-1"]
[WhiteTitle "WIM"]
[BlackTitle "WIM"]
[WhiteElo "2239"]
[BlackElo "2305"]
[WhiteTeam "Italy"]
[BlackTeam "Netherlands"]
[WhiteFideId "822590"]
[BlackFideId "1019481"]
[EventDate "2012.08.28"]

1. e4 c5 2. Nf3 d6 3. d4 cxd4 4. Qxd4 a6 5. Be2 Nc6 6. Qe3 Nf6 7. h3 g6 8. O-O
Bg7 9. Rd1 Qc7 10. c4 Be6 11. Ng5 O-O 12. Nc3 Nb4 13. Nxe6 fxe6 14. Rb1 Nd7 15.
a3 Nc2 16. Qg3 Nd4 17. Bf1 Nb6 18. b3 Nd7 19. Ne2 Nxe2+ 20. Bxe2 Nc5 21. Qe3 Rf7
22. Bg4 h5 23. Be2 Raf8 24. Bd3 Rxf2 25. Qxf2 Rxf2 26. Kxf2 Bd4+ 27. Be3 Bxe3+
28. Kxe3 e5 29. b4 Ne6 30. c5 b5 31. cxb6 Qxb6+ 32. Ke2 Kg7 33. h4 d5 34. g3
Nd4+ 35. Kd2 dxe4 36. Bxe4 Nb5 37. Rb3 Qd4+ 38. Bd3 e4 39. Kc2 exd3+ 40. Rbxd3
Qc4+ 41. Kb2 Kh6 42. R1d2 e5 43. Rb3 e4 44. Re3 Qe6 45. Rde2 Qe5+ 46. Kc1 Qa1+
47. Kd2 Nd4 0-1

[Event "40th Olympiad Women"]
[Site "Istanbul TUR"]
[Date "2012.08.29"]
[Round "2.19"]
[Board "4"]
[White "Van Weersel, Arlette"]
[Black "Barbiso, Tiziana"]
[Result "1-0"]
[WhiteTitle "WIM"]
[WhiteElo "2151"]
[BlackElo "2048"]
[WhiteTeam "Netherlands"]
[BlackTeam "Italy"]
[WhiteFideId "1009877"]
[BlackFideId "809098"]
[EventDate "2012.08.28"]

1. e4 e6 2. d4 d5 3. Nc3 Nf6 4. e5 Nfd7 5. f4 c5 6. Nf3 Nc6 7. Be3 a6 8. Qd2 b5
9. a3 Bb7 10. Qf2 Qb6 11. dxc5 Bxc5 12. Bxc5 Nxc5 13. b4 Nd7 14. Qxb6 Nxb6 15.
Bd3 O-O 16. O-O f6 17. Rae1 Rae8 18. Ne2 fxe5 19. fxe5 Nc4 20. Bxc4 dxc4 21.
Ned4 Rf4 22. c3 h6 23. Nxc6 Bxc6 24. Nd4 Rxf1+ 25. Rxf1 Bd5 26. Ra1 Kf7 27. a4
bxa4 28. Rxa4 Ra8 29. Kf2 Ke7 30. g3 Kd7 31. Ke3 Kc7 32. Ra5 Kb6 33. Ne2 g5 34.
Nd4 Rf8 35. Ra1 Rf7 36. Ke2 Be4 37. Nxe6 Bd3+ 38. Ke3 Re7 39. Nc5 Rxe5+ 40. Kd4
Rf5 41. Rxa6+ Kc7 42. Nxd3 cxd3 43. Kxd3 h5 44. Rh6 g4 45. c4 Kb7 46. Ke4 Rf1
47. Rxh5 1-0

[Event "40th Olympiad Women"]
[Site "Istanbul TUR"]
[Date "2012.08.29"]
[Round "2.20"]
[Board "1"]
[White "Cmilyte, Viktorija"]
[Black "Borosova, Zuzana"]
[Result "1/2-1/2"]
[WhiteTitle "GM"]
[BlackTitle "WGM"]
[WhiteElo "2520"]
[BlackElo "2280"]
[WhiteTeam "Lithuania"]
[BlackTeam "Slovakia"]
[WhiteFideId "12801259"]
[BlackFideId "14905779"]
[EventDate "2012.08.28"]

1. d4 Nf6 2. c4 g6 3. Nc3 d5 4. Nf3 Bg7 5. Qb3 dxc4 6. Qxc4 O-O 7. e4 Nc6 8. Be2
Bg4 9. d5 Na5 10. Qa4 Bxf3 11. Bxf3 c6 12. O-O cxd5 13. exd5 Rc8 14. Rd1 a6 15.
Be2 Ne8 16. Ne4 b5 17. Qb4 Nb7 18. Bg5 Ned6 19. Nxd6 Nxd6 20. Rac1 Rxc1 21. Rxc1
h6 22. Bf4 Nf5 23. Rd1 Re8 24. Bg4 Nd4 25. Qc5 f5 26. Be3 e5 27. Bh3 Bf8 28. Qa7
Qxd5 29. Bxd4 exd4 30. Qxa6 Re6 31. Qa5 d3 32. g3 Qf3 33. Rf1 Qe2 34. Qxb5 d2
35. Qd5 Kh7 36. Qd7+ Re7 37. Qd8 Re8 38. Qd5 Re6 39. Qd7+ Re7 40. Qd8 Bg7 41.
Bg2 Bxb2 42. Bf3 Qe1 43. h4 h5 44. Bd1 Bc1 45. Bb3 Re8 46. Qb6 Qe7 47. a4 Ba3
48. a5 1/2-1/2

[Event "40th Olympiad Women"]
[Site "Istanbul TUR"]
[Date "2012.08.29"]
[Round "2.20"]
[Board "2"]
[White "Pokorna, Regina"]
[Black "Daulyte, Deimante"]
[Result "1-0"]
[WhiteTitle "WGM"]
[BlackTitle "WGM"]
[WhiteElo "2353"]
[BlackElo "2216"]
[WhiteTeam "Slovakia"]
[BlackTeam "Lithuania"]
[WhiteFideId "14902052"]
[BlackFideId "12802859"]
[EventDate "2012.08.28"]

1. e4 e5 2. Nf3 Nc6 3. Bc4 Nf6 4. d3 h6 5. c3 d6 6. O-O g6 7. Re1 Bg7 8. d4 Qe7
9. h3 O-O 10. Nbd2 Bd7 11. Nf1 Rae8 12. Ng3 Kh8 13. b4 exd4 14. cxd4 Nxb4 15.
Rb1 b5 16. Bxb5 Bxb5 17. Rxb4 a6 18. d5 c5 19. dxc6 d5 20. Ba3 dxe4 21. Rb3 Qc7
22. Bxf8 Bxf8 23. Nd4 Rd8 24. Qa1 Bc4 25. Rb7 Qd6 26. Nxe4 Nxe4 27. Ne6+ Kg8 28.
Nxd8 Nxf2 29. Qe5 Qd2 30. Rd7 Nd3 31. Rxd3 Bxd3 32. c7 Bf5 33. Qe8 Qxa2 34. Ne6
Bxe6 35. Rxe6 Qb1+ 1-0

[Event "40th Olympiad Women"]
[Site "Istanbul TUR"]
[Date "2012.08.29"]
[Round "2.20"]
[Board "4"]
[White "Machalova, Veronika"]
[Black "Paulauskaite, Gintare"]
[Result "0-1"]
[WhiteTitle "WFM"]
[WhiteElo "2222"]
[BlackElo "2053"]
[WhiteTeam "Slovakia"]
[BlackTeam "Lithuania"]
[WhiteFideId "14904888"]
[BlackFideId "12802964"]
[EventDate "2012.08.28"]

1. e4 e6 2. d4 d5 3. Nd2 c5 4. exd5 Qxd5 5. Ngf3 cxd4 6. Bc4 Qd7 7. O-O Nc6 8.
Nb3 Nf6 9. Nbxd4 Nxd4 10. Nxd4 a6 11. a4 Bc5 12. Be3 O-O 13. c3 Qc7 14. Bb3 b6
15. Qe2 Bb7 16. Bc2 Rfd8 17. Rad1 Rd5 18. Nf3 Rh5 19. h3 Ng4 20. Rfe1 Nxe3 21.
fxe3 Qg3 22. Qf2 Rxh3 23. Qxg3 Rxg3 24. Kf2 Rg4 25. b4 Bf8 26. e4 Rc8 27. Ne5
Rf4+ 28. Kg3 g5 29. Re3 Bxb4 30. Rd7 Bxc3 31. Nf3 Bc6 32. Ra7 Bf6 33. Rxa6 b5
34. axb5 Bxb5 35. Ra5 Rxc2 36. Rxb5 h5 37. Ra5 Rg4+ 38. Kh3 Rgxg2 39. Nxg5 Bxg5 0-1

[Event "40th Olympiad Women"]
[Site "Istanbul TUR"]
[Date "2012.08.29"]
[Round "2.21"]
[Board "1"]
[White "Muminova, Nafisa"]
[Black "Franciskovic, Borka"]
[Result "1-0"]
[WhiteTitle "WIM"]
[BlackTitle "WIM"]
[WhiteElo "2329"]
[BlackElo "2258"]
[WhiteTeam "Uzbekistan"]
[BlackTeam "Croatia"]
[WhiteFideId "14201526"]
[BlackFideId "14507943"]
[EventDate "2012.08.28"]

1. e4 c6 2. d4 d5 3. Nd2 dxe4 4. Nxe4 Bf5 5. Ng3 Bg6 6. Nf3 Nd7 7. Bd3 e6 8. O-O
Ngf6 9. c4 Bd6 10. Bg5 O-O 11. Bxg6 hxg6 12. Qc2 Qc7 13. Rad1 Rfe8 14. Rfe1 a5
15. b3 b5 16. c5 Bxg3 17. hxg3 Nd5 18. Bc1 a4 19. Bb2 a3 20. Ba1 Qa7 21. Qe4
Rad8 22. Ng5 N7f6 23. Qh4 Qa5 24. g4 Nc3 25. Rd3 Nce4 26. Bc3 Nxc3 27. Rh3 Kf8
28. Qh8+ Ng8 29. Rh7 Ke7 30. Qxg7 Kd7 31. Qxf7+ Re7 32. Qxe6+ Kc7 33. Rxe7+ Nxe7
34. Qxe7+ Kb8 35. b4 1-0

[Event "40th Olympiad Women"]
[Site "Istanbul TUR"]
[Date "2012.08.29"]
[Round "2.21"]
[Board "2"]
[White "Golubenko, Valentina"]
[Black "Gevorgyan, Irina"]
[Result "1/2-1/2"]
[WhiteTitle "WGM"]
[BlackTitle "WFM"]
[WhiteElo "2297"]
[BlackElo "2178"]
[WhiteTeam "Croatia"]
[BlackTeam "Uzbekistan"]
[WhiteFideId "4501993"]
[BlackFideId "14201437"]
[EventDate "2012.08.28"]

1. d4 d5 2. Nf3 Nf6 3. c4 c6 4. e3 e6 5. b3 Nbd7 6. Bd3 Ne4 7. Bxe4 dxe4 8. Nfd2
f5 9. O-O Qh4 10. g3 Qh6 11. Qe2 Nf6 12. f3 Qh5 13. Nc3 Bb4 14. Bb2 exf3 15.
Nxf3 O-O 16. Rad1 Bd7 17. Ne5 Be8 18. Qg2 Qh6 19. Rd3 Bxc3 20. Bxc3 Bg6 21. Rf4
Ne4 22. Bb4 Rfe8 23. Nf3 Bh5 24. Nd2 a5 25. Ba3 a4 26. b4 Ng5 27. h4 Nf7 28. Bb2
Nd6 29. c5 Nf7 30. Nc4 Rad8 31. Rd2 Bg4 32. a3 Qh5 33. Rdf2 Rf8 34. e4 g5 35.
Rxg4 Qxg4 36. exf5 exf5 37. Ne3 Qe4 38. Qxe4 fxe4 39. Ng4 e3 40. Re2 gxh4 41.
gxh4 h5 42. Nf6+ Kg7 43. d5 Kg6 44. Rxe3 cxd5 45. Rg3+ Kf5 46. Rf3+ Kg6 47. Rg3+
Kf5 48. Rf3+ Kg6 49. Rg3+ 1/2-1/2

[Event "40th Olympiad Women"]
[Site "Istanbul TUR"]
[Date "2012.08.29"]
[Round "2.21"]
[Board "3"]
[White "Tohirjonova, Hulkar"]
[Black "Medic, Mirjana"]
[Result "1-0"]
[WhiteTitle "WFM"]
[BlackTitle "WGM"]
[WhiteElo "2147"]
[BlackElo "2185"]
[WhiteTeam "Uzbekistan"]
[BlackTeam "Croatia"]
[WhiteFideId "14202247"]
[BlackFideId "14501619"]
[EventDate "2012.08.28"]

1. e4 e6 2. d4 d5 3. Nd2 Nf6 4. e5 Nfd7 5. Bd3 c5 6. c3 Nc6 7. Ne2 cxd4 8. cxd4
Qb6 9. Nf3 f6 10. exf6 Nxf6 11. O-O Bd6 12. Re1 O-O 13. Nf4 Ne4 14. Bxe4 Bxf4
15. Bc2 Bd7 16. Qd3 g6 17. a3 Rac8 18. Be3 Na5 19. Bxf4 Rxf4 20. b3 Nc6 21. Rad1
Rcf8 22. Rd2 Qd8 23. Re3 Qf6 24. Bd1 Qg7 25. g3 g5 26. Bc2 R4f5 27. Qc3 R5f6 28.
Ne5 Rc8 29. Qd3 Nxe5 30. Rxe5 Rf5 31. Rde2 Rcf8 32. a4 h6 33. Qd2 Rf3 34. R5e3
b6 35. Qd3 R3f6 36. Qd2 Qe7 37. Re5 Qg7 38. Qd3 Rf3 39. R5e3 R3f6 40. Qc3 Qf7
41. Qd2 Qe7 42. b4 Qf7 43. Rc3 Rc8 44. Rxc8+ Bxc8 45. Qc3 Bd7 46. Qc7 Be8 47.
Qe5 Bd7 48. b5 Rf3 49. Qb8+ Be8 50. Qc8 Rf6 51. Bd3 Kf8 52. Rc2 Qh5 53. Be2 g4
54. Qd8 Qf5 55. Bxg4 Qxc2 56. Qxf6+ Bf7 57. Qxh6+ Ke8 58. Qe3 Ke7 59. Qa3+ Kf6
60. Qf3+ Ke7 61. Qd1 Qc3 62. h4 e5 63. dxe5 Qxe5 64. Qe2 Kd6 65. Qxe5+ Kxe5 66.
Kf1 d4 67. Ke1 Ke4 68. Kd2 Bg8 69. h5 Ke5 70. f4+ Kd5 1-0